| 000 | 00996nam a22002897a 4500 | ||
|---|---|---|---|
| 001 | 10140 | ||
| 003 | FISKH | ||
| 005 | 20260424084636.0 | ||
| 008 | 260424b cb ||||| |||| 00| 0 eng d | ||
| 020 | _a9780462001234 | ||
| 040 |
_aFISKH _beng _cFISKH _dFISKH |
||
| 050 | _aPZ7 | ||
| 082 | _a372.6 | ||
| 100 |
_aEdwards, Sarah _eAuthor |
||
| 245 |
_aPandas in danger / _cWritten by Sarah Edwards |
||
| 260 |
_aSingapore : _bMarshall Cavendish International , _c2008 |
||
| 300 |
_a16 pages : _bphotographs ; _c19 cm |
||
| 490 |
_aMy pals are here! Reading stars : _v15c |
||
| 505 | _aJ | ||
| 520 | _aPandas are unlike most bears. Pandas have black and white fur. Their fur helps the pandas stay warm and dry. There are not many pandas left on Earth. There are just 1600 pandas left in the wild. | ||
| 521 | 8 |
_a500
_bLexile estimate |
|
| 521 | 8 |
_aJ
_bRaz-Plus |
|
| 650 |
_aPandas _vEndangered animals |
||
| 650 |
_aWildlife _vConservation |
||
| 942 |
_2ddc _cBK _n0 |
||
| 999 |
_c10140 _d10140 |
||